[Event "Andujar op"]
[Site "Andujar"]
[Date "2025.06.28"]
[Round "2"]
[White "Jacobson, Brandon"]
[Black "Krivenko, Dion"]
[Result "1-0"]
[WhiteElo "2582"]
[BlackElo "2243"]
[PlyCount "73"]
[EventDate "2025.06.27"]
[EventType "swiss"]
[EventRounds "9"]
[EventCountry "ESP"]
[SourceTitle "CB28_2025"]
[SourceDate "2025.07.09"]
[SourceVersion "1"]
[SourceVersionDate "2025.07.09"]
[SourceQuality "1"]

1. d4 Nf6 2. c4 g6 3. Nc3 Bg7 4. e4 d6 5. Nf3 0-0 6. Bd3 Bg4 7. Be2 e5 8. d5 c6 9. Be3 Na6 10. a3 Nc5 11. h3 Bxf3 12. Bxf3 a5 13. 0-0 Qb8 14. Rb1 a4 15. Bxc5 dxc5 16. Nxa4 Qa7 17. Nc3 Rfd8 18. Qc2 Ne8 19. Rfd1 Nd6 20. Be2 f5 21. Bf3 Qa6 22. b3 Qxa3 23. exf5 Nxf5 24. dxc6 bxc6 25. Bxc6 Rxd1+ 26. Qxd1 Rf8 27. Ne4 Nd4 28. Bd5+ Kh8 29. Qd2 h6 30. Kh2 Rb8 31. Qc3 g5 32. Ra1 Qb4 33. Qxb4 cxb4 34. c5 Ne2 35. c6 Nc3 36. c7 Rf8 37. Ra8 1-0

[Event "WchT Blitz Pool C"]
[Site "London"]
[Date "2025.06.14"]
[Round "10.2"]
[White "Krivenko, Dion"]
[Black "Bilguun, Sumiya"]
[Result "1/2-1/2"]
[WhiteElo "2243"]
[BlackElo "2451"]
[PlyCount "121"]
[EventDate "2025.06.14"]
[EventType "team-tourn"]
[EventRounds "13"]
[EventCountry "ENG"]
[SourceTitle "CB25_2025"]
[SourceDate "2025.06.18"]
[SourceVersion "1"]
[SourceVersionDate "2025.06.18"]
[SourceQuality "1"]
[WhiteTeam "OlalaStars"]
[BlackTeam "Mongolia II"]
[WhiteTeamCountry "EST"]
[BlackTeamCountry "MGL"]

1. Nc3 e6 2. d4 d5 3. Bf4 Nf6 4. Nb5 Na6 5. e3 c6 6. Nc3 Nb8 7. Nf3 a6 8. Ne5 c5 9. Be2 Nc6 10. 0-0 Bd7 11. a3 b5 12. Bf3 Rc8 13. Re1 Be7 14. h3 0-0 15. Ne2 Nxe5 16. Bxe5 Bc6 17. c3 Bd6 18. Bf4 Qe7 19. Ng3 Rfd8 20. Qe2 h6 21. Kh2 Qc7 22. Bxd6 Qxd6 23. Kg1 g6 24. h4 h5 25. Qd2 e5 26. dxe5 Qxe5 27. Rad1 Kg7 28. Qc2 Bd7 29. e4 d4 30. Qd2 Be6 31. Qg5 Qxg5 32. hxg5 Ng4 33. Bxg4 hxg4 34. cxd4 cxd4 35. Rd2 d3 36. Nf1 Rc2 37. Red1 Rxd2 38. Rxd2 f6 39. gxf6+ Kxf6 40. f3 Ke5 41. Kf2 Kd4 42. Ng3 gxf3 43. gxf3 Rh8 44. Ne2+ Kc4 45. Nf4 Bf7 46. Nxd3 Rh2+ 47. Ke3 Rxd2 48. Kxd2 Kb3 49. f4 Be8 50. e5 Kc4 51. Ke3 a5 52. Kd2 Kd4 53. b4 a4 54. Nc5 Bc6 55. Ke2 Kc3 56. e6 Kd4 57. Kd2 Be8 58. Ke2 Bc6 59. Kd2 Be8 60. Ke2 Bc6 61. Kd2 1/2-1/2

[Event "WchT Blitz Pool C"]
[Site "London"]
[Date "2025.06.14"]
[Round "7.2"]
[White "Krivenko, Dion"]
[Black "Stepanyan, Henrik"]
[Result "0-1"]
[WhiteElo "2243"]
[BlackElo "2200"]
[PlyCount "102"]
[EventDate "2025.06.14"]
[EventType "team-tourn"]
[EventRounds "13"]
[EventCountry "ENG"]
[SourceTitle "CB25_2025"]
[SourceDate "2025.06.18"]
[SourceVersion "1"]
[SourceVersionDate "2025.06.18"]
[SourceQuality "1"]
[WhiteTeam "OlalaStars"]
[BlackTeam "ANI"]
[WhiteTeamCountry "EST"]
[BlackTeamCountry "ENG"]

1. Nc3 Nf6 2. d4 d5 3. Bf4 e6 4. Nb5 Na6 5. e3 c6 6. Nc3 Nb8 7. g4 Bd6 8. Bg3 h6 9. Bd3 b5 10. Qf3 Qe7 11. Nge2 e5 12. dxe5 Bxe5 13. Bf5 Bd7 14. Nd4 Bxd4 15. 0-0 Be5 16. Rfe1 Bxg3 17. hxg3 Bxf5 18. gxf5 Ne4 19. Rad1 Nxc3 20. bxc3 Qe4 21. Qxe4+ dxe4 22. Rd4 0-0 23. f6 gxf6 24. Rxe4 Nd7 25. c4 bxc4 26. Rxc4 Ne5 27. Rf4 Kg7 28. Kg2 Ng6 29. Rc4 Ne5 30. Ra4 Rfd8 31. Rh1 Rd2 32. c3 Rc2 33. Rhh4 Rxc3 34. f4 Ng6 35. Rh1 Rxe3 36. Kf2 Rc3 37. Rd1 h5 38. Rd7 h4 39. gxh4 Nxh4 40. f5 Nxf5 41. Rg4+ Kf8 42. Rf4 Rc5 43. Rb7 a5 44. Rb1 Rd8 45. Rh1 Rd4 46. Rxd4 Nxd4 47. Ke3 Ne6 48. Rb1 Rc2 49. Rb8+ Kg7 50. a4 Rc4 51. Rc8 c5 0-1

[Event "WchT Blitz Pool C"]
[Site "London"]
[Date "2025.06.14"]
[Round "4.2"]
[White "Wu, Li"]
[Black "Krivenko, Dion"]
[Result "1-0"]
[WhiteElo "2278"]
[BlackElo "2243"]
[PlyCount "91"]
[EventDate "2025.06.14"]
[EventType "team-tourn"]
[EventRounds "13"]
[EventCountry "ENG"]
[SourceTitle "CB25_2025"]
[SourceDate "2025.06.18"]
[SourceVersion "1"]
[SourceVersionDate "2025.06.18"]
[SourceQuality "1"]
[WhiteTeam "Chess Rising Stars"]
[BlackTeam "OlalaStars"]
[WhiteTeamCountry "GRE"]
[BlackTeamCountry "EST"]

1. c4 Nf6 2. Nc3 g6 3. e4 d6 4. d4 Bg7 5. Nf3 0-0 6. Bd3 c5 7. d5 a6 8. a4 e6 9. 0-0 exd5 10. exd5 Re8 11. h3 Nbd7 12. Bf4 Qc7 13. Re1 b6 14. g4 Bb7 15. Qd2 h5 16. g5 Nh7 17. Rxe8+ Rxe8 18. Re1 Ne5 19. Nxe5 dxe5 20. Bg3 Qd7 21. h4 Bc8 22. b3 Qg4 23. Be4 f5 24. gxf6 Nxf6 25. Bg2 Qd4 26. Qxd4 exd4 27. Rxe8+ Nxe8 28. Ne4 Bf5 29. Kf1 Kf8 30. Ke2 Ke7 31. Bf4 Kd7 32. Kd2 Nf6 33. f3 Nxe4+ 34. fxe4 Bg4 35. e5 Bf5 36. Bf1 Bf8 37. Bd3 Be7 38. Bxf5+ gxf5 39. e6+ Kd8 40. Bg5 f4 41. d6 Bxg5 42. hxg5 f3 43. g6 f2 44. Ke2 d3+ 45. Kxf2 d2 46. Ke2 1-0

[Event "WchT Rapid"]
[Site "London"]
[Date "2025.06.13"]
[Round "10.2"]
[White "Jacobsen, Mikkel Manosri"]
[Black "Krivenko, Dion"]
[Result "1/2-1/2"]
[WhiteElo "2169"]
[BlackElo "2221"]
[PlyCount "66"]
[EventDate "2025.06.11"]
[EventType "team-swiss"]
[EventRounds "12"]
[EventCountry "ENG"]
[SourceTitle "CB25_2025"]
[SourceDate "2025.06.18"]
[SourceVersion "1"]
[SourceVersionDate "2025.06.18"]
[SourceQuality "1"]
[WhiteTeam "Allez-Y Initiative!"]
[BlackTeam "OlalaStars"]
[WhiteTeamCountry "DEN"]
[BlackTeamCountry "EST"]

1. d4 Nf6 2. Nf3 g6 3. Bf4 d6 4. c3 Bg7 5. Nbd2 Nc6 6. e4 0-0 7. h3 e5 8. dxe5 dxe5 9. Be3 Nh5 10. Bc4 Nf4 11. 0-0 Qf6 12. Re1 g5 13. Bxf4 gxf4 14. Kh2 Ne7 15. a4 Ng6 16. a5 c6 17. Qe2 h5 18. b4 Bg4 19. Qf1 Rfd8 20. Ra2 Rd7 21. Kh1 Rad8 22. b5 Nh4 23. a6 Bxf3 24. Nxf3 Nxf3 25. gxf3 cxb5 26. Bxb5 Rc7 27. Bc4 b6 28. Kh2 Rdc8 29. Ra4 Qh4 30. Kg2 Qg5+ 31. Kh2 Qh4 32. Kg2 Qg5+ 33. Kh2 Qh4 1/2-1/2

[Event "WchT Rapid"]
[Site "London"]
[Date "2025.06.13"]
[Round "11.2"]
[White "Yatskar, Martin"]
[Black "Krivenko, Dion"]
[Result "0-1"]
[WhiteElo "2223"]
[BlackElo "2221"]
[PlyCount "84"]
[EventDate "2025.06.11"]
[EventType "team-swiss"]
[EventRounds "12"]
[EventCountry "ENG"]
[SourceTitle "CB25_2025"]
[SourceDate "2025.06.18"]
[SourceVersion "1"]
[SourceVersionDate "2025.06.18"]
[SourceQuality "1"]
[WhiteTeam "Berlin Lasker Legends"]
[BlackTeam "OlalaStars"]
[WhiteTeamCountry "GER"]
[BlackTeamCountry "EST"]

1. d4 d6 2. e4 g6 3. c4 Bg7 4. Be2 Nd7 5. h4 h6 6. Nc3 e5 7. d5 Ne7 8. h5 g5 9. g4 a5 10. Qc2 Nc5 11. Be3 Bd7 12. b3 b6 13. f3 c6 14. Nh3 Qb8 15. Nf2 Qb7 16. 0-0 0-0 17. Rfc1 Qc8 18. a3 a4 19. bxa4 Qe8 20. Rcb1 f5 21. exf5 Bxf5 22. gxf5 Nxf5 23. Bxc5 bxc5 24. Rb7 e4 25. Rxg7+ Kxg7 26. Qxe4 Qxh5 27. Qg4 Qf7 28. Nfe4 Nd4 29. Rf1 cxd5 30. cxd5 Qe7 31. Bd3 Rf4 32. Qg2 Raf8 33. Be2 g4 34. Bd1 Kh8 35. Qh2 Qg7 36. Kh1 gxf3 37. Rg1 Qh7 38. Nf2 R4f5 39. Nce4 Ne2 40. Bxe2 fxe2 41. Re1 Qg6 42. Rg1 Rh5 0-1

[Event "Norway Chess op-A"]
[Site "Stavanger"]
[Date "2025.05.27"]
[Round "2"]
[White "Krivenko, Dion"]
[Black "Wang, Hao Yuan"]
[Result "1/2-1/2"]
[WhiteElo "2243"]
[BlackElo "2418"]
[PlyCount "67"]
[EventDate "2025.05.27"]
[EventType "swiss"]
[EventRounds "9"]
[EventCountry "NOR"]
[SourceTitle "CB23_2025"]
[SourceDate "2025.06.04"]
[SourceVersion "1"]
[SourceVersionDate "2025.06.04"]
[SourceQuality "1"]

1. e4 e5 2. Bc4 Nf6 3. d3 c6 4. Nf3 d5 5. Bb3 a5 6. a4 Bb4+ 7. c3 Bd6 8. 0-0 0-0 9. Bg5 dxe4 10. dxe4 h6 11. Bh4 Qe7 12. Nbd2 Bc7 13. Nc4 Rd8 14. Qc2 Be6 15. Ne3 Nbd7 16. Bxf6 Qxf6 17. Bxe6 Qxe6 18. b4 Nb6 19. Nd2 axb4 20. cxb4 Rxa4 21. Rxa4 Nxa4 22. Qxa4 Rxd2 23. Qa8+ Bd8 24. Qxb7 Bg5 25. Nf5 g6 26. h4 Bd8 27. Ne3 Bxh4 28. b5 cxb5 29. Qxb5 Bg5 30. Nd5 Kg7 31. Qb8 Kh7 32. Ra1 Bf6 33. Ra8 h5 34. Qe8 1/2-1/2

[Event "Titled Tuesday intern op 06th May Early"]
[Site "Chess.com INT"]
[Date "2025.05.06"]
[Round "7"]
[White "Dilmukhametov, Artur"]
[Black "Krivenko, Dion"]
[Result "1-0"]
[WhiteElo "2276"]
[BlackElo "2243"]
[PlyCount "99"]
[EventDate "2025.05.06"]
[EventType "swiss (blitz)"]
[EventRounds "11"]
[EventCountry "USA"]
[SourceTitle "CB20_2025"]
[SourceDate "2025.05.14"]
[SourceVersion "1"]
[SourceVersionDate "2025.05.14"]
[SourceQuality "1"]

1. d4 Nf6 2. f3 c5 3. e4 cxd4 4. Qxd4 Nc6 5. Qd1 d5 6. Nc3 d4 7. Nce2 e5 8. c3 Qa5 9. Bd2 Qb6 10. cxd4 exd4 11. Qb3 Be6 12. Qxb6 axb6 13. a3 b5 14. Nh3 b4 15. Nhf4 bxa3 16. bxa3 Rxa3 17. Rb1 Bc5 18. Nxe6 fxe6 19. Nf4 Nd8 20. Bc4 Ke7 21. Nd3 b6 22. Ke2 Nc6 23. Rb5 Nd7 24. Nxc5 bxc5 25. Rhb1 Ra7 26. Rb7 Rxb7 27. Rxb7 Rb8 28. Rxb8 Ndxb8 29. f4 Nd7 30. Kd3 Nb6 31. g3 e5 32. Bb5 Kd6 33. f5 Nd8 34. g4 Nc8 35. h4 Ne7 36. g5 Ndc6 37. h5 h6 38. f6 gxf6 39. gxf6 Nc8 40. Bxh6 Nb6 41. f7 Nb4+ 42. Ke2 Nd7 43. f8Q+ Nxf8 44. Bxf8+ Kc7 45. Bxc5 Nc2 46. Ba4 Na1 47. Ba3 Kb6 48. Bb2 Ka5 49. Bd1 Kb4 50. Bxa1 1-0

[Event "Titled Tuesday intern op 06th May Early"]
[Site "Chess.com INT"]
[Date "2025.05.06"]
[Round "6"]
[White "Krivenko, Dion"]
[Black "Brancaleoni, Maurizio"]
[Result "1-0"]
[WhiteElo "2243"]
[BlackElo "2185"]
[PlyCount "85"]
[EventDate "2025.05.06"]
[EventType "swiss (blitz)"]
[EventRounds "11"]
[EventCountry "USA"]
[SourceTitle "CB20_2025"]
[SourceDate "2025.05.14"]
[SourceVersion "1"]
[SourceVersionDate "2025.05.14"]
[SourceQuality "1"]

1. Nf3 c5 2. c4 g6 3. g3 Bg7 4. Bg2 Nc6 5. 0-0 d6 6. e3 Bf5 7. d3 Qd7 8. Nc3 Bh3 9. a3 h5 10. Bd2 h4 11. Rb1 hxg3 12. fxg3 Bxg2 13. Kxg2 Ne5 14. Qe2 Qh3+ 15. Kg1 Nxf3+ 16. Rxf3 Nf6 17. Rf4 g5 18. Rf2 Ng4 19. Rg2 Ne5 20. Ne4 g4 21. Rf1 Nf3+ 22. Rxf3 gxf3 23. Qxf3 0-0 24. Bc3 Qh8 25. g4 Bxc3 26. Nxc3 e6 27. g5 Qe5 28. Ne4 Kg7 29. h4 Rh8 30. h5 Rad8 31. h6+ Kg8 32. Qf6 Qxf6 33. Nxf6+ Kf8 34. b4 b6 35. b5 d5 36. Kf2 dxc4 37. dxc4 Rd2+ 38. Kf3 Rxg2 39. Kxg2 Ke7 40. Kf3 Rc8 41. h7 Rh8 42. Kf4 Rd8 43. Ng8+ 1-0

[Event "Tartu Estiko Blitz op 2nd"]
[Site "Tartu"]
[Date "2025.04.24"]
[Round "2"]
[White "Krivenko, Dion"]
[Black "Iturrizaga Bonelli, Eduardo"]
[Result "0-1"]
[WhiteElo "2243"]
[BlackElo "2578"]
[PlyCount "85"]
[EventDate "2025.04.24"]
[EventType "swiss (blitz)"]
[EventRounds "9"]
[EventCountry "EST"]
[SourceTitle "CB20_2025"]
[SourceDate "2025.05.14"]
[SourceVersion "1"]
[SourceVersionDate "2025.05.14"]
[SourceQuality "1"]

1. Nc3 c5 2. d4 cxd4 3. Qxd4 Nc6 4. Qd3 d6 5. e4 g6 6. Nf3 Bg7 7. Be2 Nf6 8. 0-0 0-0 9. Nd5 Nd7 10. c3 b6 11. Bg5 h6 12. Bh4 Bb7 13. Rad1 g5 14. Bg3 Re8 15. h4 Nce5 16. Nxe5 Nxe5 17. Qe3 e6 18. Nb4 gxh4 19. Bxe5 Bxe5 20. Bb5 Rf8 21. Qxh6 Bxe4 22. Nc6 Qf6 23. Qxf6 Bxf6 24. Rfe1 d5 25. f3 Bg6 26. Ne5 Bxe5 27. Rxe5 Kg7 28. Rd4 Rh8 29. Bd3 Kf6 30. Re1 Bxd3 31. Rxd3 Rag8 32. Kh2 Rg5 33. Rd4 Rf5 34. a4 h3 35. Re3 hxg2+ 36. Kxg2 Rg5+ 37. Rg4 Rxg4+ 38. fxg4 Rc8 39. b3 e5 40. Kg3 Ke6 41. Rf3 e4 42. Re3 Ke5 43. Kh4 0-1

[Event "Tartu Estiko Blitz op 2nd"]
[Site "Tartu"]
[Date "2025.04.24"]
[Round "5"]
[White "Volodin, Aleksandr"]
[Black "Krivenko, Dion"]
[Result "1-0"]
[WhiteElo "2471"]
[BlackElo "2243"]
[PlyCount "111"]
[EventDate "2025.04.24"]
[EventType "swiss (blitz)"]
[EventRounds "9"]
[EventCountry "EST"]
[SourceTitle "CB20_2025"]
[SourceDate "2025.05.14"]
[SourceVersion "1"]
[SourceVersionDate "2025.05.14"]
[SourceQuality "1"]

1. d4 Nf6 2. c4 d6 3. g3 g6 4. Bg2 Bg7 5. Nf3 0-0 6. 0-0 Nbd7 7. Nc3 e5 8. e4 c6 9. Re1 exd4 10. Nxd4 Re8 11. h3 Qa5 12. Be3 Ne5 13. Bf1 a6 14. Nc2 Be6 15. Bd2 Nxc4 16. Bc1 Rad8 17. Nd4 Ne5 18. f4 Ned7 19. Bg2 Qc7 20. Kh2 c5 21. Nf3 b5 22. Ng5 b4 23. Nxe6 Rxe6 24. Na4 Rde8 25. Qc2 Nb6 26. Nxb6 Qxb6 27. Bd2 h5 28. a3 a5 29. Rad1 Nd7 30. Rf1 b3 31. Qc1 a4 32. Bc3 Bxc3 33. Qxc3 Nf6 34. Qc4 Nxe4 35. Qxa4 h4 36. gxh4 Qd8 37. f5 gxf5 38. Rxf5 Qxh4 39. Rdf1 Qg3+ 40. Kg1 Qe3+ 41. Kh2 Qg3+ 42. Kg1 Qe3+ 43. Kh2 Qg3+ 44. Kh1 d5 45. Rg1 R8e7 46. Bxe4 Qxg1+ 47. Kxg1 Rxe4 48. Qxb3 Re1+ 49. Rf1 R1e3 50. Qxd5 Rg3+ 51. Kh2 Ree3 52. Qd8+ Kg7 53. Qf6+ Kh7 54. Qxf7+ Kh6 55. Qf4+ Kh7 56. Qxg3 1-0

[Event "Titled Tuesday intern op 11th Mar Early"]
[Site "Chess.com INT"]
[Date "2025.03.11"]
[Round "11"]
[White "Krivenko, Dion"]
[Black "Burmakin, Vladimir"]
[Result "0-1"]
[WhiteElo "2233"]
[BlackElo "2435"]
[PlyCount "82"]
[EventDate "2025.03.11"]
[EventType "swiss (blitz)"]
[EventRounds "11"]
[EventCountry "USA"]
[SourceTitle "CB12_2025"]
[SourceDate "2025.03.19"]
[SourceVersion "1"]
[SourceVersionDate "2025.03.19"]
[SourceQuality "1"]

1. e4 c6 2. d4 d5 3. e5 Bf5 4. Bd3 Bxd3 5. Qxd3 e6 6. Ne2 Qb6 7. Nbc3 c5 8. 0-0 Nc6 9. dxc5 Qxc5 10. Qg3 Qb6 11. a4 a6 12. a5 Qc7 13. Bf4 Nge7 14. Rfe1 Rd8 15. Rad1 Qxa5 16. Bg5 h6 17. Bxe7 Nxe7 18. Nd4 Nc6 19. Nce2 Nxd4 20. Nxd4 Qb6 21. c3 g6 22. h4 h5 23. Qf4 Bg7 24. Re2 Qc7 25. Rde1 Qe7 26. Re3 Bh6 27. Qg3 Bxe3 28. Rxe3 Kd7 29. Rf3 Rhf8 30. Rf6 Kc8 31. b4 Kb8 32. Qd3 Rc8 33. b5 Qc7 34. bxa6 Qxc3 35. Qxc3 Rxc3 36. Nxe6 Re8 37. Nf4 bxa6 38. Rxf7 Rxe5 39. Rf6 Rf5 40. Rb6+ Ka7 41. Nxd5 Rxd5 0-1

[Event "Titled Tuesday intern op 11th Mar Early"]
[Site "Chess.com INT"]
[Date "2025.03.11"]
[Round "8"]
[White "Munoz, Francisco Javier"]
[Black "Krivenko, Dion"]
[Result "1-0"]
[WhiteElo "2389"]
[BlackElo "2233"]
[PlyCount "25"]
[EventDate "2025.03.11"]
[EventType "swiss (blitz)"]
[EventRounds "11"]
[EventCountry "USA"]
[SourceTitle "CB12_2025"]
[SourceDate "2025.03.19"]
[SourceVersion "1"]
[SourceVersionDate "2025.03.19"]
[SourceQuality "1"]

1. e4 c5 2. Nc3 Nc6 3. Bb5 g6 4. Bxc6 dxc6 5. d3 Bg7 6. h3 b5 7. f4 b4 8. Nce2 e5 9. fxe5 Qh4+ 10. Kf1 Bg4 11. Bf4 Ne7 12. Qd2 Qh5 13. Ng3 1-0

[Event "Wch U20 62nd"]
[Site "Petrovac"]
[Date "2025.03.07"]
[Round "11"]
[White "Krivenko, Dion"]
[Black "Luczak, Filip"]
[Result "1-0"]
[WhiteElo "2248"]
[BlackElo "2340"]
[PlyCount "79"]
[EventDate "2025.02.25"]
[EventType "swiss"]
[EventRounds "11"]
[EventCountry "MNE"]
[SourceTitle "CB11_2025"]
[SourceDate "2025.03.12"]
[SourceVersion "1"]
[SourceVersionDate "2025.03.12"]
[SourceQuality "1"]

1. e4 d6 2. Nc3 a6 3. g3 b5 4. Bg2 Bb7 5. Nge2 e6 6. a3 g6 7. d4 Bg7 8. h4 Nf6 9. 0-0 Nc6 10. f4 Ng4 11. Bf3 h5 12. f5 exf5 13. exf5 gxf5 14. Nd5 Qd7 15. Bg5 f6 16. Bxg4 hxg4 17. Bxf6 Rf8 18. Bxg7 Qxg7 19. Nef4 Kd7 20. c3 Rae8 21. a4 Re4 22. axb5 axb5 23. Qd3 Ne7 24. Qxb5+ Bc6 25. Qa5 Nxd5 26. Nxd5 Kd8 27. Nb4 Bd7 28. Qa8+ Bc8 29. Rae1 Rfe8 30. Rxe4 fxe4 31. Nc6+ Kd7 32. Qa4 Rf8 33. Ne5+ Kd8 34. Nc6+ Ke8 35. Re1 d5 36. Ne5+ Kd8 37. Qc6 Qg8 38. c4 Rf3 39. Nxf3 gxf3 40. Qxd5+ 1-0

[Event "Wch U20 62nd"]
[Site "Petrovac"]
[Date "2025.03.02"]
[Round "6"]
[White "Concio, Michael Jr"]
[Black "Krivenko, Dion"]
[Result "1-0"]
[WhiteElo "2376"]
[BlackElo "2248"]
[PlyCount "99"]
[EventDate "2025.02.25"]
[EventType "swiss"]
[EventRounds "11"]
[EventCountry "MNE"]
[SourceTitle "CB11_2025"]
[SourceDate "2025.03.12"]
[SourceVersion "1"]
[SourceVersionDate "2025.03.12"]
[SourceQuality "1"]

1. d4 g6 2. Nf3 Bg7 3. e4 d6 4. Nc3 Nf6 5. Be3 0-0 6. Qd2 c6 7. h3 b5 8. a3 a6 9. Bh6 Qc7 10. Bxg7 Kxg7 11. e5 Nd5 12. Bd3 Nd7 13. exd6 Qxd6 14. 0-0 N7f6 15. Rfe1 Bb7 16. Nxd5 Nxd5 17. Ng5 Nf6 18. Qe3 Nd5 19. Qf3 Nf6 20. Rad1 Qc7 21. Qe2 Rfe8 22. Qe6 Rf8 23. Qxf7+ Rxf7 24. Ne6+ Kg8 25. Nxc7 Rb8 26. Ne6 Nd5 27. Ng5 Rg7 28. Be4 Bc8 29. Bxd5+ cxd5 30. Re5 e6 31. Nxe6 Bxe6 32. Rxe6 a5 33. Ra6 Rc7 34. Rd2 b4 35. Rxa5 bxa3 36. bxa3 Rb1+ 37. Kh2 Ra1 38. Rxd5 Rxa3 39. Re5 Rac3 40. Ree2 Kf7 41. d5 Rd7 42. Re3 Rc5 43. Red3 Rd6 44. Rd4 Rc3 45. f3 g5 46. Kg1 Kf6 47. Kf2 Kf5 48. Ke2 Kf6 49. Kd1 Kf5 50. R2d3 1-0

[Event "Keres Memorial rap 34th"]
[Site "Tallinn"]
[Date "2025.01.18"]
[Round "7"]
[White "Krivenko, Dion"]
[Black "Rychagov, Nikita1"]
[Result "1/2-1/2"]
[WhiteElo "2248"]
[BlackElo "2249"]
[PlyCount "92"]
[EventDate "2025.01.18"]
[EventType "swiss (rapid)"]
[EventRounds "11"]
[EventCountry "EST"]
[SourceTitle "CB05_2025"]
[SourceDate "2025.01.29"]
[SourceVersion "1"]
[SourceVersionDate "2025.01.29"]
[SourceQuality "1"]

1. Nc3 d5 2. d4 Nf6 3. Bf4 c5 4. e3 cxd4 5. exd4 a6 6. Nf3 Nc6 7. Ne5 Bd7 8. Nxc6 Bxc6 9. Qf3 e6 10. 0-0-0 Rc8 11. Bd3 Bb4 12. Ne2 0-0 13. Bg5 Be7 14. Bxf6 Bxf6 15. h4 Qa5 16. Kb1 Bb5 17. g4 Bxd3 18. Rxd3 Rc6 19. g5 Be7 20. Rc3 Rxc3 21. Qxc3 Qxc3 22. bxc3 Rc8 23. Kb2 f6 24. Nf4 Kf7 25. Nd3 Bd6 26. Re1 Re8 27. f4 h6 28. Kb3 hxg5 29. hxg5 f5 30. a4 Rh8 31. c4 dxc4+ 32. Kxc4 Rc8+ 33. Kb3 b5 34. axb5 axb5 35. Ra1 Ke7 36. c3 Rc7 37. Ra6 Rb7 38. Ra8 Kf7 39. Ra6 Ke7 40. Ne5 Bxe5 41. dxe5 Rc7 42. Rb6 Rc4 43. Rxb5 Rxf4 44. g6 Rg4 45. Rb7+ Kf8 46. Rf7+ Kg8 1/2-1/2

[Event "Keres Memorial rap 34th"]
[Site "Tallinn"]
[Date "2025.01.18"]
[Round "6"]
[White "Shabalov, Alexander"]
[Black "Krivenko, Dion"]
[Result "1/2-1/2"]
[WhiteElo "2471"]
[BlackElo "2248"]
[PlyCount "43"]
[EventDate "2025.01.18"]
[EventType "swiss (rapid)"]
[EventRounds "11"]
[EventCountry "EST"]
[SourceTitle "CB05_2025"]
[SourceDate "2025.01.29"]
[SourceVersion "1"]
[SourceVersionDate "2025.01.29"]
[SourceQuality "1"]

1. d4 Nf6 2. Bg5 Ne4 3. h4 c5 4. Nd2 Nxg5 5. d5 e6 6. hxg5 exd5 7. e3 g6 8. Nh3 Bg7 9. Nf4 d4 10. Nd5 Qa5 11. Qf3 d6 12. Bc4 Nc6 13. Nf6+ Ke7 14. Nd5+ Ke8 15. Nf6+ Ke7 16. Nd5+ Ke8 17. Nf6+ Ke7 18. exd4 cxd4 19. 0-0-0 Be6 20. Rhe1 Qxg5 21. Bxe6 Qxf6 22. Bc4+ 1/2-1/2